The Geography of the Mures River

Elmentve itt :
Bibliográfiai részletek
Szerző: Andó Mihály
Dokumentumtípus: Cikk
Megjelent: 1994
Sorozat:Acta Universitatis Szegediensis : acta geographica 31
Kulcsszavak:Földrajztudomány
Online Access:http://acta.bibl.u-szeged.hu/3286
LEADER 00609nab a2200181 i 4500
001 acta3286
005 20210603111116.0
008 161015s1994 hu o 0|| eng d
022 |a 0324-5268 
040 |a SZTE Egyetemi Kiadványok Repozitórium  |b hun 
041 |a eng 
100 1 |a Andó Mihály 
245 1 4 |a The Geography of the Mures River  |h [elektronikus dokumentum] /  |c  Andó Mihály 
260 |c 1994 
300 |a 1-8 
490 0 |a Acta Universitatis Szegediensis : acta geographica  |v 31 
695 |a Földrajztudomány 
856 4 0 |u http://acta.bibl.u-szeged.hu/3286/1/geographica_031_001-008.pdf  |z Dokumentum-elérés